Statistiques concernant Toutes les villes françaises plus peuplées que leur chef-lieu

Cliquez ici pour prendre le quiz!

Statistiques générales

  • Ce quiz a été pris 83 fois
    (67 depuis la dernière actualisation)
  • Le résultat moyen est 24 sur 54

Statistiques - réponses

DépartementChef-lieuCommune plus peuplée% Correct
FinistèreQuimperBrest
87%
Seine-MaritimeRouenLe Havre
85%
MarneChâlons-en-ChampagneReims
84%
GuadeloupeBasse-TerrePetit-Bourg
82%
MorbihanVannesLorient
77%
Pas-de-CalaisArrasCalais
76%
MancheSaint-LôCherbourg-en-Cotentin
76%
CorrèzeTulleBrive-la-Gaillarde
74%
Haut-RhinColmarMulhouse
74%
AudeCarcassonneNarbonne
74%
Seine-Saint-DenisBobignySaint-Denis
74%
AisneLaonSaint-Quentin
74%
AllierMoulinsVichy
74%
AllierMoulinsMontluçon
63%
MeuseBar-le-DucVerdun
63%
Saône-et-LoireMâconChalon-sur-Saône
61%
Hauts-de-SeineNanterreBoulogne-Billancourt
60%
JuraLons-le-SaunierDole
60%
Val-d'OisePontoiseCergy
58%
Seine-et-MarneMelunMeaux
58%
Seine-Saint-DenisBobignyMontreuil
58%
Val-d'OisePontoiseArgenteuil
56%
AriègeFoixPamiers
56%
AisneLaonSoissons
55%
Alpes-de-Haute-ProvenceDigne-les-BainsManosque
48%
Val-d'OisePontoiseSarcelles
47%
Haute-MarneChaumontSaint-Dizier
45%
ArdèchePrivasAnnonay
44%
ArdèchePrivasAubenas
44%
Val-de-MarneCréteilVitry-sur-Seine
44%
Seine-Saint-DenisBobignyAubervilliers
42%
Seine-Saint-DenisBobignyAulnay-sous-Bois
42%
ArdèchePrivasTournon-sur-Rhône
40%
Seine-et-MarneMelunChelles
37%
Seine-Saint-DenisBobignyDrancy
37%
GuadeloupeBasse-TerreLes Abymes
35%
GuadeloupeBasse-TerrePointe-à-Pitre
35%
Seine-Saint-DenisBobignyPantin
34%
Seine-Saint-DenisBobignyLe Blanc-Mesnil
23%
Val-d'OisePontoiseGarges-lès-Gonesse
21%
Seine-Saint-DenisBobignyNoisy-le-Grand
21%
ArdèchePrivasGuilherand-Granges
18%
ArdèchePrivasLe Teil
18%
GuadeloupeBasse-TerreBaie-Mahault
16%
Val-d'OisePontoiseFranconville
13%
GuadeloupeBasse-TerreLe Gosier
13%
GuadeloupeBasse-TerreSaint-François
13%
GuadeloupeBasse-TerreSainte-Anne
11%
GuadeloupeBasse-TerreLe Moule
8%
GuadeloupeBasse-TerreSainte-Rose
8%
GuadeloupeBasse-TerreMorne-à-l'Eau
6%
GuadeloupeBasse-TerreLamentin
5%
GuadeloupeBasse-TerreSaint-Claude
5%
GuadeloupeBasse-TerreCapesterre-Belle-Eau
3%

Distribution des résultats

Percentile par nombre de réponses

% des personnes avec chaque résultat

Votre développement - résultats

Vous n’avez pas pris ce quiz depuis la dernière actualisation